000 00375 a2200169 4500
001 187367
020 _a85-08-07241-4
040 _cMagnum
100 _aBrezina, Thomas
240 1 0 _aNo templo do trovao
_lpor
245 1 0 _aNo templo do trovao
300 _a88
362 0 _a1999
440 1 _aÁtica
697 _aLITERATURA INFANTO-JUVENIL ESTRANGEIRA
942 _cBK
999 _c187367
_d187367